Maintenance of wives, children and parents (Record no. 492831)

000 -LEADER
fixed length control field 00407cam a22001217a 4500
008 - FIXED-LENGTH DATA ELEMENTS--GENERAL INFORMATION
fixed length control field 180718b1992 xxu||||| |||| 00| 0 eng d
082 ## - DEWEY DECIMAL CLASSIFICATION NUMBER
Classification number B14 B17
100 ## - MAIN ENTRY--PERSONAL NAME
Personal name Bakshi, P.M.
245 ## - TITLE STATEMENT
Title Maintenance of wives, children and parents
Statement of responsibility, etc. by P.M. Bakshi
260 ## - PUBLICATION, DISTRIBUTION, ETC.
Place of publication, distribution, etc. Lucknow
Name of publisher, distributor, etc. Institute of Judicial Training & Research
Date of publication, distribution, etc. 1992
300 ## - PHYSICAL DESCRIPTION
Extent 134p.
650 ## - SUBJECT ADDED ENTRY--TOPICAL TERM
Topical term or geographic name entry element Support (Domestic relations) --India --Criminal provisions
Holdings
Withdrawn status Lost status Damaged status Not for loan Permanent Location Current Location Date acquired Full call number Barcode Date last seen Price effective from Koha item type
        Indian Institute of Public Administration Indian Institute of Public Administration 2018-08-04 B14 B17 GR16829 2018-08-04 2018-08-04 GR

Powered by Koha